Military Regions of the Sahrawi Arab Democratic Republic With a Map - Statistics

General Stats
  • This quiz has been taken 52 times
  • The average score is 5 of 7
Answers on the Map
Answers color-coded by a green-red scale on the quiz's map according to % correct below.
 
Answer Stats
Municipality % Correct
Tifariti
83%
Bir Lehlou
75%
Zug
75%
Agounit
67%
Meharrize
63%
Mijek
63%
Dougaj
58%
No matching quizzes found
Score Distribution
Percent of People with Each Score
Percentile by Number Answered
Your Score History
You have not taken this quiz